|
|
|
|
| LEADER |
01112nab a2200265 i 4500 |
| 001 |
publ13315 |
| 005 |
20220607124251.0 |
| 008 |
180504s2017 hu o 0|| angol d |
| 022 |
|
|
|a 1932-7447
|
| 024 |
7 |
|
|a 10.1021/acs.jpcc.6b13093
|2 doi
|
| 024 |
7 |
|
|a 3236743
|2 mtmt
|
| 040 |
|
|
|a SZTE Publicatio Repozitórium
|b hun
|
| 041 |
|
|
|a angol
|
| 100 |
1 |
|
|a Hossain M. K.
|
| 245 |
1 |
0 |
|a Solution combustion synthesis, characterization, and photocatalytic activity of CuBi2O4 and its nanocomposites with CuO and α-Bi2O3
|h [elektronikus dokumentum] /
|c Hossain M. K.
|
| 260 |
|
|
|c 2017
|
| 300 |
|
|
|a 8252-8261
|
| 490 |
0 |
|
|a The Journal of Physical Chemistry C
|v 121 No. 15
|
| 700 |
0 |
1 |
|a Samu Gergely Ferenc
|e aut
|
| 700 |
0 |
1 |
|a Gandha K.
|e aut
|
| 700 |
0 |
1 |
|a Santhanagopalan S.
|e aut
|
| 700 |
0 |
1 |
|a Liu J. Ping
|e aut
|
| 700 |
0 |
1 |
|a Janáky Csaba
|e aut
|
| 700 |
0 |
1 |
|a Rajeshwar K.
|e aut
|
| 856 |
4 |
0 |
|u http://publicatio.bibl.u-szeged.hu/13315/1/Solution%20Combustion%20Synthesis%2C%20Characterization%2C%20and%20Photocatalytic%20Activity%20of%20CuBi2O4%20and%20Its%20Nanocomposites%20with%20CuO%20and%20%CE%B1-Bi2O3.pdf
|z Dokumentum-elérés
|